LEADER 00879nam0-22003131i-450- 001 990005560980403321 005 20071211122514.0 035 $a000556098 035 $aFED01000556098 035 $a(Aleph)000556098FED01 035 $a000556098 100 $a19990604d1951----km-y0itay50------ba 101 0 $afre 105 $aa-------00--- 200 1 $a<>Reich allemand au Moyen Age$fJoseph Calmette 210 $aParis$cPayot$d1951 215 $a439 p.$cill.$d23 cm 225 1 $aBibliothèque historique 676 $a943.01 700 1$aCalmette,$bJoseph$f<1873-1952>$0135324 801 0$aIT$bUNINA$gRICA$2UNIMARC 901 $aBK 912 $a990005560980403321 952 $a943.01 CAL 1$bST.MED.MOD. 231$fFLFBC 952 $aSE 037.03.017-$b02123$fDECSE 959 $aFLFBC 959 $aDECSE 996 $aReich allemand au Moyen Age$9606259 997 $aUNINA LEADER 00971nam0-22002531i-450 001 990001788520403321 005 20240215155229.0 100 $a20030910d1993----km-y0itay50------ba 101 0 $aeng$aita 102 $aIT 200 1 $aProceedings of the international congress on chestnut$eSpoleto, 20-23 ottobre 1993$d= Congresso internazionale sul castagno$eSpoleto, 20-23 ottobre 1993$feditors Comunità Montana Monti Martani e Serano of Spoleto 210 $aSpoleto$cComunità Montana dei Monti Martani e del Serano$d1993 215 $a687 p.$d30 cm 610 0 $aCastanea 676 $a634.9724$v22$zita 710 12$aInternational congress of chestnut$f<1993 ;$eSpoleto>$0356794 801 0$aIT$bUNINA$gRICA$2UNIMARC 901 $aBK 912 $a990001788520403321 952 $a60 634.972 CMMS 1993$b5232$fFAGBC 952 $aA PAT 1501$b902/2024$fFAGBC 959 $aFAGBC 996 $aProceedings of the international congress on chestnut$9408011 997 $aUNINA